000 00314nam a22001337a 4500
008 170619b xxu||||| |||| 00| 0 eng d
020 _a9780813337692
041 _aeng
080 _25TH
_a32
100 _a20
101 _aSHP
245 _aLATIN AMERICAN POLITICS AND DEVELOPMENT
_cWIARDA,H.J
942 _2udc
_cBK
999 _c18092
_d18092